<?xml version="1.0" encoding="UTF-8"?>
<record
    xmlns:xsi="http://www.w3.org/2001/XMLSchema-instance"
    xsi:schemaLocation="http://www.loc.gov/MARC21/slim http://www.loc.gov/standards/marcxml/schema/MARC21slim.xsd"
    xmlns="http://www.loc.gov/MARC21/slim">

  <leader>00937nam a2200157Ia 4500</leader>
  <controlfield tag="008">121028s9999    xx            000 0 und d</controlfield>
  <datafield tag="020" ind1=" " ind2=" ">
    <subfield code="a">84-205-2980-X</subfield>
  </datafield>
  <datafield tag="050" ind1=" " ind2=" ">
    <subfield code="a">QA76.9 D35 E88 2001</subfield>
  </datafield>
  <datafield tag="245" ind1=" " ind2=" ">
    <subfield code="a">Estructuras de datos y algoritmos / Roberto Hern&#xE1;ndez...[et al.]</subfield>
  </datafield>
  <datafield tag="260" ind1=" " ind2=" ">
    <subfield code="a">Madrid : Prentice Hall</subfield>
  </datafield>
  <datafield tag="300" ind1=" " ind2=" ">
    <subfield code="a">x, 283 p.</subfield>
  </datafield>
  <datafield tag="500" ind1=" " ind2=" ">
    <subfield code="a">Incluye CD-ROM Incluye &#xED;ndices Bibliograf&#xED;a: p. 275-276</subfield>
  </datafield>
  <datafield tag="505" ind1=" " ind2=" ">
    <subfield code="a">Pr&#xF3;logo 1. Introducci&#xF3;n y conceptos fundamentales 2. Clasificaci&#xF3;n en memoria principal 3. Clasificaci&#xF3;n en memoria secundaria 4. Tipos de datos abstractos din&#xE1;micos l&#xED;neales 5. Tipos de datos abstractos din&#xE1;micos no lineales: &#xE1;rboles 6. &#xC1;rboles ava</subfield>
  </datafield>
  <datafield tag="650" ind1=" " ind2=" ">
    <subfield code="a">Estructura de datos (Computaci&#xF3;n) \ 2. Algoritmos \ 3. Sistematizaci&#xF3;n de datos (Computadoras electr&#xF3;nicas)</subfield>
  </datafield>
  <datafield tag="700" ind1=" " ind2=" ">
    <subfield code="a">Hern&#xE1;ndez, Roberto, coaut. \ II. L&#xE1;zaro, Juan Carlos, coaut. \ III. Dormido, Raquel, coaut. \ VI. Ros, Salvador, coaut.&#xCC;</subfield>
  </datafield>
  <datafield tag="952" ind1=" " ind2=" ">
    <subfield code="0">0</subfield>
    <subfield code="1">0</subfield>
    <subfield code="4">0</subfield>
    <subfield code="7">0</subfield>
    <subfield code="a">14</subfield>
    <subfield code="b">14</subfield>
    <subfield code="d">2008-12-13</subfield>
    <subfield code="l">0</subfield>
    <subfield code="o">QA76.9 D35 E88 2001</subfield>
    <subfield code="p">14 000807</subfield>
    <subfield code="r">2012-10-28</subfield>
    <subfield code="t">1</subfield>
    <subfield code="w">2012-10-28</subfield>
    <subfield code="y">LB</subfield>
  </datafield>
  <datafield tag="952" ind1=" " ind2=" ">
    <subfield code="0">0</subfield>
    <subfield code="1">0</subfield>
    <subfield code="4">0</subfield>
    <subfield code="7">0</subfield>
    <subfield code="a">14</subfield>
    <subfield code="b">14</subfield>
    <subfield code="d">2008-12-13</subfield>
    <subfield code="l">2</subfield>
    <subfield code="o">QA76.9 D35 E88 2001</subfield>
    <subfield code="p">14 000808</subfield>
    <subfield code="r">2014-10-13</subfield>
    <subfield code="s">2014-10-13</subfield>
    <subfield code="t">2</subfield>
    <subfield code="w">2012-10-28</subfield>
    <subfield code="y">LB</subfield>
  </datafield>
  <datafield tag="952" ind1=" " ind2=" ">
    <subfield code="0">0</subfield>
    <subfield code="1">0</subfield>
    <subfield code="4">0</subfield>
    <subfield code="7">0</subfield>
    <subfield code="a">14</subfield>
    <subfield code="b">14</subfield>
    <subfield code="d">2008-12-13</subfield>
    <subfield code="l">1</subfield>
    <subfield code="o">QA76.9 D35 E88 2001</subfield>
    <subfield code="p">14 000809</subfield>
    <subfield code="r">2014-07-18</subfield>
    <subfield code="s">2014-07-18</subfield>
    <subfield code="t">3</subfield>
    <subfield code="w">2012-10-28</subfield>
    <subfield code="y">LB</subfield>
  </datafield>
  <datafield tag="999" ind1=" " ind2=" ">
    <subfield code="c">84768</subfield>
    <subfield code="d">84768</subfield>
  </datafield>
</record>
